000 00584nam a2200229Ia 4500
003 OSt
005 20221005120206.0
006 a|||||r|||| 00| 0
007 ta
008 221004b |||||||| |||| 00| 0 tam d
024 _a49341
037 _cTextual
040 _aCRL
_cCRL
_btam
041 _2tam
_atam
082 _aO31,3MKU,14, H8
100 _aMudaliar Kuppusamy Au.
_9628701
245 0 _aDevasundari
260 _c1948
650 _aTAMIL LITERATURE
942 _hO31,3MKU,14, H8
_cTEXL
_2cc
999 _c1037114
_d1037114